Hamilton Quiz - Statistics

General Stats
  • This quiz has been taken 1,474 times
  • The average score is 8 of 10
Answer Stats
Hint Answer % Correct
I will never be satisfied Angelica
99%
To be part of the narrative Eliza
97%
Sorry am I talkin to loud, sometimes I get over excited, I promise that I'll make yall proud Alexander Hamilton
91%
Work! Peggy
89%
To remind you of my love! King George
82%
A'voi A'voi Lafayette
78%
Son! Washington
77%
That depends who is asking? Burr
76%
Bruh, Bruh Hercules Mulligan
68%
Me I died for him Laurens
67%
No matching quizzes found
Score Distribution
Percent of People with Each Score
Percentile by Number Answered
Your Score History
You have not taken this quiz